[Event "2nd Sharjah Masters 2018"]
[Site "Sharjah"]
[Date "2018.04.14"]
[Round "3"]
[White "Wang, Hao"]
[Black "Tabatabaei, M amin"]
[Result "1-0"]
[WhiteElo "2707"]
[BlackElo "2605"]
[Annotator "TA"]
[PlyCount "85"]
[EventDate "2018.??.??"]
[EventType "swiss"]
[EventCountry "UAE"]
[SourceTitle "playchess.com"]
[Source "ChessBase"]
[SourceQuality "1"]

{[%evp 23,85,35,67,59,50,57,56,61,69,69,77,42,50,23,49,55,64,70,78,76,111,99,97,99,86,69,69,69,70,79,85,64,81,75,74,79,75,81,68,69,181,180,250,139,106,107,139,86,254,278,625,616,589,585,835,485,832,810,3241,0,3228,3215,2120,1870]} 1. e4 e5 2. Nf3 Nc6 3. Bb5 a6 4. Ba4 Nf6 5. O-O b5 6. Bb3 Bb7 7. d3 Be7 8. Nbd2 {[%cal Bb1d2,Bd2f1,Bf1g3][%mdl 32]} O-O 9. Re1 d6 10. a3 Qd7 {C88: Closed Ruy Lopez: Anti-Marshall Systems} (10... Re8 11. Nf1 Bf8 12. Bg5 h6 13. Bh4 g6 14. Ne3 Bg7 15. Qd2 Qd7 16. Bxf6 Bxf6 17. Bd5 Rab8 18. h3 {0-1 (53) Zhigalko,S (2671)-Bu,X (2705) Doha 2016}) 11. Nf1 Rae8 12. Ng3 Bd8 {LiveBook: 7 Games. White is slightly better.} 13. c3 Ne7 $146 ({Find the theoretical novelty and annotate with similar games:} 13... Na5 14. Ba2 c5 15. b4 cxb4 16. axb4 Nc6 17. h3 d5 18. Qb3 dxe4 19. dxe4 {½-½ (42) Vysochin,S (2539)-Soltanici,R (2372) Kiev 2015}) 14. d4 exd4 15. cxd4 (15. Qxd4 $6 c5 $11) 15... Ng6 {[%cal Rf6e4]} 16. Bc2 $1 c5 17. d5 Ng4 18. h3 N4e5 19. Nh2 Bb6 20. f4 c4+ 21. Kf1 {[#]} Nd3 $1 {[%mdl 512]} 22. Bxd3 cxd3 23. Qxd3 Qd8 {Threatening ...Qh4.} 24. Bd2 {[%cal Bc1d2,Bd2b4,Bb4d6][%mdl 32]} Qh4 {White must now prevent ...f5.} 25. Ng4 Bc8 26. Qf3 $1 h5 27. Nf2 Bd7 28. Bb4 Bxf2 29. Qxf2 Nxf4 30. Bxd6 Nd3 31. Qf3 Nxe1 ({Better is} 31... Ne5 $14 32. Bxe5 Rxe5) 32. Rxe1 $18 g6 (32... a5 $142 33. Kg1 (33. Nxh5 b4 $16) (33. Bxf8 Rxf8 34. Kg1 Qg5 $16) 33... f5) 33. Kg1 ({Resist} 33. Bxf8 $6 Rxf8 34. b4 Re8) (33. e5 $18) 33... f5 $16 {Strongly threatening ...f4.} 34. Bxf8 Rxf8 {[#]} 35. Rf1 (35. exf5 $142 $1 {Threatens to win with Re4.} Qd4+ 36. Qe3 Qxe3+ 37. Rxe3) 35... f4 $2 (35... Qe7 $16) 36. Ne2 $18 g5 $2 (36... Qe7 37. Rf2 (37. Nxf4 g5 $16) 37... Qg7) 37. e5 g4 38. Qe4 gxh3 39. Qg6+ Kh8 {[#] intending ...Rf5.} 40. Nxf4 $1 {[%mdl 512]} hxg2 (40... Rxf4 41. Qh6+) 41. Qh6+ Kg8 {[#] ( -> ...Qh1+)} 42. Qxf8+ $1 {[%mdl 512]} Kxf8 43. Nxg2+ {Precision: White = 65%, Black = 47%.} 1-0

[Event "2nd Sharjah Masters 2018"]
[Site "Sharjah"]
[Date "2018.04.14"]
[Round "3"]
[White "Artemiev, Vladislav"]
[Black "Firouzja, Alireza"]
[Result "1-0"]
[WhiteElo "2701"]
[BlackElo "2572"]
[Annotator "TA"]
[PlyCount "99"]
[EventDate "2018.??.??"]
[EventType "swiss"]
[EventCountry "UAE"]
[SourceTitle "playchess.com"]
[Source "ChessBase"]
[SourceQuality "1"]

{[%evp 18,99,23,10,56,25,27,21,19,21,23,27,79,43,75,42,75,-8,2,0,0,-7,62,63,117,54,56,50,62,43,66,54,88,88,69,76,58,0,5,0,53,53,74,55,70,43,62,63,65,69,175,166,175,170,172,164,201,191,193,182,181,201,299,194,222,215,478,517,487,491,5314,5314,5314,5310,3259,2841,1960,1679,29991,29991,29992,29993,29993,29993]} 1. Nf3 Nf6 2. g3 g6 3. b3 Bg7 4. Bb2 O-O 5. Bg2 d6 6. c4 e5 7. d3 Nh5 8. Nc3 Nc6 9. O-O f5 10. e3 {LiveBook: 12 Games} g5 {A15: English Opening: 1...Nf6} (10... h6 11. a3 a5 12. Nd2 Nf6 13. Nd5 Be6 14. f4 Kh7 15. Qc2 Qd7 16. Rae1 Rae8 17. Bc3 Bxd5 18. cxd5 {½-½ (65) Kramnik,V (2793)-Nakamura,H (2786) London 2013}) 11. Nd2 $146 ({Predecessor:} 11. Ne1 g4 12. f3 Ne7 13. fxg4 fxg4 14. Rxf8+ Qxf8 15. Nc2 c6 16. Qd2 Qf6 17. Rf1 Qh6 18. Ne4 {1-0 (46) Spraggett,K (2580)-Zapata,A (2515) Cienfuegos 1997}) 11... Nf6 12. Nd5 Nxd5 {The position is equal.} 13. cxd5 Ne7 14. Rc1 Ng6 (14... Bd7 $11 {keeps the balance.}) 15. Rc4 {Hoping for Qc2.} Rf7 16. a4 a5 {[#]} 17. Qc2 (17. Qh5 $1 $16) 17... b6 $11 18. Rc1 {[%cal Rc4c7]} Ra7 $1 19. Rc6 Ba6 (19... g4 $11) 20. e4 $1 $36 {[%mdl 2048] White is more active.} Qd7 {[#]} ({Better is} 20... Qf6 $14) 21. exf5 (21. Nf3 $1 $16) 21... Qxf5 22. Nc4 Qf6 23. Ne3 Bxd3 24. Qd2 Bf5 25. Nxf5 Qxf5 26. Qe2 Qd7 27. Qh5 (27. Be4 $14) 27... Qf5 $1 $11 {[%cal Rf5f2]} 28. Qe2 Qd7 $1 29. Qc2 {[%mdl 1024] White has compensation.} Nf8 30. Be4 Kh8 31. Bc3 Qd8 32. Bd2 Qf6 33. Be3 h6 (33... Qd8 $14) 34. Qe2 $18 Kg8 35. R1c4 Qd8 36. Qc2 Rb7 37. Bf5 Bf6 38. b4 axb4 39. Rxb4 Qa8 (39... Ra7 $142 40. Rbc4 Rb7) 40. Kg2 Kg7 41. h4 Ra7 $2 (41... Kg8 {is a better defense.} 42. Qe4 Rg7) 42. hxg5 Bxg5 43. Rg4 {[%cal Bb4g4,Bg4g5,Bg5h5][%mdl 32]} Ra5 (43... Qd8 $142 44. f4 Qf6) 44. Bxg5 hxg5 45. Rxg5+ Kf6 46. Rh5 {White wants to mate with Be6.} Rxd5 47. Be4 Qa5 48. Rf5+ {White mates.} Kg7 49. Rxc7 Rd7 50. Qc6 {Precision: White = 70%, Black = 32%.} 1-0

[Event "2nd Sharjah Masters 2018"]
[Site "Sharjah"]
[Date "2018.04.14"]
[Round "3"]
[White "Amin, Bassem"]
[Black "Mareco, Sandro"]
[Result "1-0"]
[WhiteElo "2700"]
[BlackElo "2645"]
[Annotator "TA"]
[PlyCount "47"]
[EventDate "2018.??.??"]
[EventType "swiss"]
[EventCountry "UAE"]
[SourceTitle "playchess.com"]
[Source "ChessBase"]
[SourceQuality "1"]

{[%evp 17,47,-5,35,-63,-65,-62,-63,-65,-29,-42,-28,-38,43,36,43,44,74,65,81,106,168,127,114,54,412,395,442,443,1266,1266,1257,1238]} 1. e4 c5 2. Nf3 e6 3. d3 d5 4. Qe2 Nf6 5. g3 Be7 6. Bg2 O-O 7. O-O Nc6 8. e5 Nd7 9. c4 b5 {LiveBook: 20 Games. C00: French: Unusual White 2nd moves} (9... d4 10. Re1 Rb8 11. h4 b5 12. cxb5 Rxb5 13. Na3 Rb8 14. Nc4 Nb6 15. b3 Nxc4 16. bxc4 Rb6 17. Ng5 {1-0 (32) Carlsen,M (2837)-Ding,L (2774) Saint Louis 2017}) 10. Na3 $146 ({White should try} 10. cxd5 $14 exd5 11. Nc3) ({Predecessor:} 10. cxb5 Na5 11. Nc3 a6 12. Bf4 axb5 13. Nxb5 Ba6 14. Nc3 Nc6 15. h4 Qb6 16. b3 Rfe8 17. Rac1 {1-0 (75) Artemiev,V (2697)-Pichot,A (2552) Moscow 2018}) 10... bxc4 $15 11. dxc4 Ba6 {Black is slightly better.} 12. Rd1 Qa5 13. Bd2 Nb4 14. Qe1 {And now cxd5 would win.} Rfe8 (14... Qa4 $15 15. Bf1 Bb7) 15. cxd5 exd5 16. Bxb4 cxb4 {[#]} 17. Nc2 $1 Rac8 18. e6 Nb6 (18... Bc5 $16) 19. exf7+ Kxf7 20. Bh3 (20. Nfd4 $16) 20... Bd6 $2 {[%mdl 8192] [#]} (20... Bf6 $1 $14 21. Qxb4 Qxb4 22. Nxb4 Be2 23. Bxc8 Bxf3) 21. Be6+ $1 $18 {[%mdl 512]} Kf6 (21... Rxe6 22. Ng5+) 22. Ncd4 {White is clearly winning.} Rc7 (22... Nc4 $142 23. b3 Ne5) 23. Qe3 {[%csl Gf3][%cal Re3g5]} h6 24. Nh4 {Precision: White = 45%, Black = 27%.} 1-0

[Event "2nd Sharjah Masters 2018"]
[Site "Sharjah"]
[Date "2018.04.14"]
[Round "3"]
[White "Inarkiev, Ernesto"]
[Black "Adly, Ahmed"]
[Result "1-0"]
[WhiteElo "2680"]
[BlackElo "2626"]
[Annotator "TA"]
[PlyCount "111"]
[EventDate "2018.??.??"]
[EventType "swiss"]
[EventCountry "UAE"]
[SourceTitle "playchess.com"]
[Source "ChessBase"]
[SourceQuality "1"]

{[%evp 18,111,48,48,48,48,48,44,48,48,54,52,51,47,47,46,39,34,52,48,48,33,48,48,50,50,69,71,78,43,45,50,68,69,118,111,122,117,112,99,87,46,46,66,97,110,97,100,171,135,135,135,127,120,75,85,110,133,131,120,179,195,203,202,200,182,160,139,220,207,207,174,218,206,290,297,276,252,241,163,282,286,299,243,253,248,406,435,452,445,1010,978,1973,1930,29973,29973]} 1. e4 c5 2. Nf3 d6 3. d4 cxd4 4. Nxd4 Nf6 5. Nc3 a6 6. f3 e5 7. Nb3 Be6 8. Be3 d5 {B90: Sicilian Najdorf: Unusual White 6th moves, 6 Be3 Ng4 and 6 Be3 e5} (8... Be7 9. Qd2 Nbd7 10. g4 O-O 11. g5 Nh5 12. O-O-O b5 13. Nd5 Bxd5 14. exd5 f6 15. gxf6 Bxf6 16. Kb1 Nf4 17. Rg1 Kh8 18. Bd3 Bg5 19. Na5 Bh6 20. Nc6 Qh4 21. Qb4 {½-½ (49) Caruana,F (2784)-Mamedyarov,S (2809) Berlin 2018}) 9. exd5 Nxd5 10. Nxd5 {LiveBook: 5 Games} Bxd5 {White is slightly better.} 11. Qd2 Be6 12. Qxd8+ Kxd8 13. Nc5 Bxc5 $1 14. Bxc5 Kc7 15. O-O-O Nc6 {[#]} 16. Bd6+ $146 ({Predecessor:} 16. b3) 16... Kb6 17. c4 Rac8 18. b3 Rhd8 19. Kb2 h5 20. c5+ Ka7 21. Bd3 g5 22. h4 g4 23. f4 exf4 24. Bxf4 Ne7 25. g3 Nf5 26. b4 Rd7 27. Bc2 Rcd8 28. Rxd7 Rxd7 29. Rd1 Rxd1 30. Bxd1 $14 {[%mdl 4096] Endgame KBB-KBN} b6 31. cxb6+ Kxb6 32. a3 a5 (32... Ne7 $16 {was necessary.}) 33. Kc3 axb4+ 34. Kxb4 Ne7 {[#] And now ...Nd5+ would win.} 35. Be3+ Kc6 36. Kc3 Nf5 37. Bf4 Kc5 38. Kd3 Bd5 (38... Ne7 $16 {was worth a try.}) 39. Ba4 $18 Ng7 40. Be5 Nf5 41. Bd7 Ne7 42. Ke3 Ng6 (42... Be6 $16 {was called for.} 43. Be8 Nd5+ 44. Kd3 Bf5+ 45. Ke2 Bg6) 43. Bg7 Kd6 44. Bf5 Kc5 45. Bd3 Bb3 {[#]} (45... Bc6 {is a better defense.} 46. Bc3 Kd6) 46. Ke4 $1 Be6 47. Bf6 Bd7 48. Bb1 Be6 (48... Kb5 $142 49. Bd4 Kc6) 49. Bc2 Kc4 50. Ba4 Kc5 51. Be8 Kc4 $2 (51... Kd6 52. a4 Nf8 53. Be5+ Kc5 54. Bd4+ Kb4) 52. a4 Kb4 53. Bd8 f5+ (53... Kc5 $142 54. a5 Bc4) 54. Kd4 f4 55. Bxg6 f3 56. Ke3 {Precision: White = 85%, Black = 45%.} 1-0

[Event "2nd Sharjah Masters 2018"]
[Site "Sharjah"]
[Date "2018.04.14"]
[Round "3"]
[White "Jones, Gawain C B"]
[Black "Viani Antonio Dcunha"]
[Result "1-0"]
[WhiteElo "2675"]
[BlackElo "2435"]
[Annotator "TA"]
[PlyCount "69"]
[EventDate "2018.??.??"]
[EventType "swiss"]
[EventCountry "UAE"]
[SourceTitle "playchess.com"]
[Source "ChessBase"]
[SourceQuality "1"]

{[%evp 18,69,54,41,63,44,50,46,60,68,108,52,66,18,91,85,91,95,89,68,130,106,205,201,281,273,276,270,228,241,227,223,238,240,345,349,345,354,354,355,350,351,397,411,400,398,389,368,523,528,507,512,516,520]} 1. d4 Nf6 2. c4 g6 3. Nc3 Bg7 4. e4 d6 5. h3 O-O 6. Be3 c5 7. Nf3 cxd4 8. Nxd4 b6 {E90: King's Indian: Classical: Early deviations and 6 h3} 9. Qd2 Bb7 10. f3 {LiveBook: 3 Games} Nbd7 {White is slightly better.} 11. Bh6 $146 ({Predecessor:} 11. g4 Rc8 12. Be2 Ne5 13. b3 a6 14. a4 e6 15. Rd1 Qc7 16. O-O {0-1 (37) Bluebaum,M (2632)-Teterev,V (2487) Minsk 2017}) 11... Bxh6 12. Qxh6 e6 13. O-O-O d5 14. cxd5 ({Better is} 14. exd5 $16 exd5 15. Nc2) 14... exd5 $14 15. exd5 Rc8 (15... Nxd5 $11 {remains equal.} 16. Nxd5 Bxd5) 16. Nc6 $40 {[%mdl 128] Black is in trouble.} Bxc6 17. dxc6 Rxc6 18. Bb5 $1 {[%cal Rb5c6]} Rc7 (18... Rc5 $14) 19. Qf4 Qc8 (19... a6 $16) 20. Kb1 $18 Kg7 21. Rd6 a6 22. Bxd7 $1 Nxd7 {[#]} 23. Rhd1 $1 f6 24. Nd5 {[%cal Bc3d5,Bd5c7,Bc7e8,Be8d6][%mdl 32]} Rb7 25. g4 Qc5 (25... g5 {is a better defense.} 26. Qd2 Rf7) 26. Rc1 Qf2 27. Nc7 Nc5 {[#]} 28. Rd2 $1 {[%cal Rd2f2]} Qh4 29. Re2 Rf7 30. Ne8+ Kg8 31. Nd6 $1 {[%csl LRb7,LRf7]} Rbe7 32. Qc4 {Threatening mate with Rxe7.} ({Weaker is} 32. Nxf7 Rxe2 33. Nd8 Re7 $16) 32... b5 (32... Kg7 {might work better.} 33. Nxf7 Rxf7) 33. Qd5 {White threatens Rxe7 and mate.White is clearly winning.} ({Not} 33. Qxc5 Rxe2 34. Nxf7 (34. Qd5 Ree7 $11) 34... Kxf7 $16) 33... Qg5 34. Qxg5 (34. Rxc5 Qxd5 35. Rxd5 Rxe2 $11) 34... fxg5 35. Rxe7 {Precision: White = 89%, Black = 38%.} ({Stronger than} 35. Rxc5 Rxe2 36. Nxf7 Kxf7 $11) 1-0

[Event "2nd Sharjah Masters 2018"]
[Site "Sharjah"]
[Date "2018.04.14"]
[Round "3"]
[White "Adhiban, B."]
[Black "Sindarov, Javokhir"]
[Result "1-0"]
[WhiteElo "2661"]
[BlackElo "2431"]
[Annotator "TA"]
[PlyCount "53"]
[EventDate "2018.??.??"]
[EventType "swiss"]
[EventCountry "UAE"]
[SourceTitle "playchess.com"]
[Source "ChessBase"]
[SourceQuality "1"]

{[%evp 19,53,36,28,20,20,27,28,19,41,30,49,31,31,9,10,7,50,42,152,152,153,152,176,175,182,195,229,228,321,312,334,336,487,460,797,756]} 1. e4 e5 2. Nf3 Nc6 3. Bb5 a6 4. Ba4 d6 5. O-O Bd7 6. d4 exd4 7. Nxd4 b5 8. Nxc6 Bxc6 9. Bb3 Nf6 {[%cal Bg8f6,Bf6d7,Bd7c5,Bc5b3][%mdl 32]} 10. Nc3 {[%cal Bb1c3,Bc3d5,Bd5b6][%mdl 32]} Be7 {LiveBook: 6 Games. C72: Ruy Lopez: Deferred Steinitz: 5 0-0} 11. f3 O-O 12. Be3 Re8 {White has an edge.} 13. Qd2 $146 ({Predecessor:} 13. a3 Bd7 14. Qe2 Qc8 15. Rad1 Be6 16. Bxe6 Qxe6 17. Qf2 Bf8 18. Ne2 {1-0 (48) Adhiban,B (2646)-Kazimova,N (2262) Nakhchivan 2015}) 13... Nd7 14. Nd5 Bf8 15. Rad1 Nc5 16. Qc3 Qc8 17. a3 Bd7 18. Qa5 c6 (18... Ra7 $14) 19. Nb6 $1 $36 {[%csl LRa8,LRc8][%mdl 2048] White is in control.} Nxb3 {[#]} 20. Qc3 $1 Qb7 21. Nxa8 {Strongly threatening Nb6.} ({Not} 21. Qxb3 Be6 $11) ({But not} 21. cxb3 $6 Rad8 $14) 21... Nc5 {[#]} 22. Nb6 $1 {[%mdl 512]} Be6 (22... Qxb6 23. Bxc5) 23. e5 {[%cal Be4e5,Be5d6][%mdl 32]} Qxb6 (23... Nd7 $142) 24. exd6 $18 Bc4 25. Rfe1 g6 (25... Qb8 $142 26. Bxc5 Rd8) 26. b4 Bg7 (26... Qd8 $142 27. bxc5 Re6) 27. Bxc5 {Precision: White = 75%, Black = 18%.} 1-0

[Event "2nd Sharjah Masters 2018"]
[Site "Sharjah"]
[Date "2018.04.14"]
[Round "3"]
[White "Grandelius, Nils"]
[Black "Rajdeep Sarkar"]
[Result "1-0"]
[WhiteElo "2652"]
[BlackElo "2393"]
[Annotator "TA"]
[PlyCount "67"]
[EventDate "2018.??.??"]
[EventType "swiss"]
[EventCountry "UAE"]
[SourceTitle "playchess.com"]
[Source "ChessBase"]
[SourceQuality "1"]

{[%evp 22,67,68,65,156,156,147,126,130,110,107,88,146,136,150,149,141,145,143,138,156,153,208,197,403,394,458,457,454,442,450,450,447,432,636,547,600,599,764,775,827,758,756,736,800,807,1116,1093]} 1. c4 e6 2. g3 d5 3. Bg2 Nf6 4. Nf3 Be7 5. d4 O-O 6. Qc2 c6 7. O-O b6 8. b3 Bb7 9. Rd1 {E06: Closed Catalan: Early deviations} a5 (9... Nbd7 10. Nc3 Rc8 11. e4 c5 12. dxc5 dxc4 13. b4 a5 14. a3 axb4 15. axb4 bxc5 16. b5 Qc7 17. Bf4 e5 18. Bg5 Nb6 19. Nd2 {½-½ (32) Nakamura,H (2787)-Carlsen,M (2855) Bilbao 2016}) 10. Nc3 Na6 11. a3 Rc8 12. e4 {LiveBook: 3 Games} c5 (12... dxe4 $14 13. Ng5 (13. Nxe4 Nxe4 14. Qxe4 Nc5 $14) 13... Nc7) 13. exd5 exd5 14. dxc5 Nxc5 15. Nh4 $146 ({Predecessor:} 15. Bb2 a4 16. bxa4 {1-0 (56) Ulko,J (2481)-Chebotarev,O (2421) chessassistantclub.com INT 2004}) 15... a4 16. bxa4 d4 ({Better is} 16... g6) 17. Bxb7 $16 Nxb7 18. Nb5 Nd7 19. Nf5 {[#] And now Qe4 would win.} ({Of course not} 19. Nxd4 $6 Bxh4 20. gxh4 Qxh4 $11) ({Don't take} 19. Rxd4 $6 Bf6 $14) 19... Bf6 {Black wants to play ...d3.} 20. Nfxd4 Ne5 21. Bf4 {Strongly threatening Bxe5.} Nxc4 (21... Rxc4 $16 22. Qe2 Qd5) 22. Rac1 {Hoping for Ne6!} Nba5 $2 {[#]} (22... Qd7) 23. Ne6 $1 $18 {[%mdl 512]} fxe6 24. Rxd8 {White is clearly winning.} Rfxd8 25. Rd1 e5 26. Rxd8+ Rxd8 27. Be3 Be7 (27... h6 $142 28. Qf5 Nxe3 29. fxe3 Kh8) 28. Qf5 Nxe3 29. fxe3 Bc5 30. Qxe5 Kh8 31. Qe6 h6 32. Kg2 Nb7 33. Kh3 Nd6 34. Qe7 {Precision: White = 86%, Black = 30%.} 1-0

[Event "2nd Sharjah Masters 2018"]
[Site "Sharjah"]
[Date "2018.04.14"]
[Round "3"]
[White "Kovalev, Vladislav"]
[Black "Petrosyan, Manuel"]
[Result "1-0"]
[WhiteElo "2648"]
[BlackElo "2560"]
[Annotator "TA"]
[PlyCount "133"]
[EventDate "2018.??.??"]
[EventType "swiss"]
[EventCountry "UAE"]
[SourceTitle "playchess.com"]
[Source "ChessBase"]
[SourceQuality "1"]

{[%evp 23,133,-5,0,0,0,2,2,2,2,2,2,2,2,0,2,0,0,0,0,4,19,6,7,6,19,18,32,19,19,19,19,19,18,16,9,12,8,12,47,52,58,60,62,67,70,64,67,60,91,87,87,89,95,87,100,75,79,79,77,37,118,118,117,108,111,93,93,93,100,93,101,89,99,93,108,114,129,101,152,150,147,141,230,227,252,239,246,223,229,222,302,294,277,285,284,292,322,323,321,314,301,306,302,280,422,422,438,389,645,639,846,834]} 1. e4 e5 2. Nf3 Nc6 3. Bb5 a6 4. Ba4 Nf6 5. O-O Nxe4 6. d4 b5 7. Bb3 d5 {[%cal Bd7d5,Bd5d4][%mdl 32]} 8. dxe5 Be6 9. Qe2 Be7 10. Rd1 Nc5 11. c4 d4 12. cxb5 d3 {LiveBook: 3 Games} 13. Qf1 {C81: Open Ruy Lopez: Keres Variation (9 Qe2)} Nxb3 14. axb3 axb5 $146 ({Predecessor:} 14... Nb4 15. Bd2 Nc2 16. Rxa6 Rxa6 17. bxa6 Bxb3 18. a7 Bc4 19. Ne1 O-O 20. Rc1 Qd4 {1-0 (58) Barbosa,O (2311)-Ostmoe,G (2343) Cochin 2004}) 15. Rxa8 {The position is equal.} (15. Rxd3 Rxa1 16. Rxd8+ Kxd8 $17) 15... Qxa8 16. Qxd3 O-O 17. Qxb5 Rb8 18. Qe2 Bxb3 19. Re1 h6 20. Nc3 Be6 21. h3 Bb4 22. Bd2 Bf8 23. Nd1 Qa2 24. Bc3 Bb4 25. Qd2 Qd5 26. Qc2 Bxc3 27. Nxc3 Qc5 28. Qc1 Ne7 29. Na4 Qxc1 30. Rxc1 Rb4 31. Nc5 Bd5 32. Nd3 Rb3 33. Nfe1 $1 c6 34. f3 g5 35. Kf2 Nf5 36. Rc3 Rb8 37. Nc2 Kg7 38. Ncb4 Ne7 39. g4 Rb6 40. Rc5 Be6 41. Kg3 f6 (41... Nd5 $1 $14 42. Nxd5 (42. Nxc6 Rb3 $14) (42. Rxc6 Nxb4 43. Rxb6 Nxd3 $14) 42... Bxd5) 42. exf6+ $16 Kxf6 43. h4 Bf7 44. hxg5+ hxg5 45. Kf2 Bg6 46. Ke2 Bxd3+ 47. Nxd3 {[%mdl 4096] Endgame KRN-KRN} Nd5 48. Kd2 Ke6 49. Rc1 Kf6 50. Rc4 Ne7 ({Better is} 50... Ke6) 51. Kc3 Rb8 52. Rc5 Nd5+ (52... Rf8 $16 53. Kd4 Ke6 54. Rxg5 Rxf3) 53. Kd4 $18 Ne7 {[#]} 54. Kc4 $1 Rd8 55. Nf2 Ke6 56. Ne4 ({Much less strong is} 56. Rxg5 $6 Rf8) 56... Rf8 57. Nxg5+ Kd6 58. Kd4 Nd5 59. Ra5 Rb8 60. Ne4+ Ke6 61. Rc5 Kd7 62. Rc2 Rf8 63. Rf2 Nf4 (63... Ke7 $142 64. Nc3 Nf4) 64. Rh2 Kc7 65. Nc5 Kc8 $2 {[#]} (65... Rf7 66. g5 Kb6) 66. Rh6 Ne2+ 67. Ke3 {Precision: White = 84%, Black = 52%.} 1-0

[Event "2nd Sharjah Masters 2018"]
[Site "Sharjah"]
[Date "2018.04.14"]
[Round "3"]
[White "Sethuraman, S P"]
[Black "Puranik, Abhimanyu"]
[Result "1-0"]
[WhiteElo "2631"]
[BlackElo "2520"]
[Annotator "TA"]
[PlyCount "65"]
[EventDate "2018.??.??"]
[EventType "swiss"]
[EventCountry "UAE"]
[SourceTitle "playchess.com"]
[Source "ChessBase"]
[SourceQuality "1"]

{[%evp 17,65,-22,22,-2,3,0,32,29,37,26,37,22,22,23,45,41,52,0,92,85,241,222,247,237,233,219,228,226,227,225,536,528,535,525,1687,265,248,241,299,286,364,403,2453,2501,1947,1873,29988,29989,29995,29992]} 1. e4 e6 2. d4 d5 3. Nc3 Bb4 4. e5 c5 5. a3 Bxc3+ 6. bxc3 Ne7 7. Nf3 Qa5 8. Bd2 Nbc6 9. a4 c4 {LiveBook: 18 Games} 10. Ng5 {[%cal Bf3g5,Bg5h3,Bh3f4,Bf4h5,Bh5f4,Bf4e6][%mdl 32] C19: French: 3 Nc3 Bb4: Main line: 7 Nf3 and 7 a4} (10. g3 Bd7 11. Bh3 h6 12. O-O O-O-O 13. Qe2 Kb8 14. Rfb1 Rdg8 15. Rb5 Qd8 16. Rab1 Na5 17. R5b4 Nec6 18. R4b2 Ka8 19. Bg2 Re8 {1-0 (50) Colovic,A (2477)-Apicella,M (2539) Kemer 2007}) 10... h6 11. Nh3 Bd7 12. Nf4 {White is slightly better.} O-O-O 13. Nh5 Rh7 14. g3 $146 ({Predecessor:} 14. Be2 Rf8 15. O-O f5 16. exf6 gxf6 17. Qc1 e5 {0-1 (29) Firt,S (2322)-Kulesza,M (2089) Karvina 2001}) 14... Rf8 15. Bh3 f5 16. exf6 gxf6 17. O-O (17. Qe2 $14) 17... Ng8 (17... Qd8 $11) 18. Nf4 $16 e5 $2 {[#]} (18... f5 $16) 19. Bxd7+ $1 $18 Rxd7 20. Ne6 Re8 21. Qg4 exd4 22. Rfb1 ({But not} 22. Nxd4 $6 Nxd4 23. Rfe1 Red8) 22... Ne5 23. Qf5 {And now Rb5 would win.} Nf3+ $2 (23... Rxe6 24. Qxe6 Nf3+ 25. Kg2 Nxd2) 24. Qxf3 {Black must now prevent Rb5.} Rxe6 25. Qg4 Re8 {[#]} 26. Rb5 $2 (26. Rxb7 $1 {[%csl Gb7][%cal Rg4d7][%mdl 512]} Qd8 (26... Kxb7 27. Qxd7+) 27. Rab1) 26... Qa6 27. Qxd4 Ne7 28. Re1 Qxa4 29. Rc5+ Kd8 (29... Kb8 $142 30. Bf4+ (30. Qxf6 b6 $16) 30... Ka8) 30. Qf4 {Intending Qb8+ and mate.} Nc6 31. Qxf6+ Rde7 32. Bf4 Qxc2 33. Rxc6 {Precision: White = 60%, Black = 24%.} 1-0